000 01382cam a2200397 4500
999 _c23436
_d23436
001 vtls012139211
005 20221011072914.0
008 220614s2022 xo g 010 f slo
020 _a9788055183510
_q(viazané)
040 _aTTKJF
_bslo
_cTTKJF
_dSNK
_erda
041 1 _aslo
_heng
044 _axo
_cSK
072 7 _a821.111(73)-3
_xAmerická próza
_2konspekt
080 _a821.111(73)-31
_22011
080 _a(0:82-311.6)
_22011
100 1 _aSullivan, Mark T.,
_d1958-
_4aut
_93655
240 1 4 _aThe Last Green Valley
_lSlovensky
245 1 0 _aPosledné zelené údolie
_cMark Sullivan ; preložila Martina Fedorová
246 1 _iObálkový podnázov:
_aAká silná je vôľa prežiť?
264 1 _aBratislava
_bIkar
_c2022
300 _a479 strán
_c24 cm
336 _atext
_btxt
_2rdacontent
337 _abez média
_bn
_2rdamedia
338 _azväzok
_bnc
_2rdacarrier
500 _aPreložené z angličtiny
500 _aObsahuje stručné biografické údaje o autorovi na záložke prebalu publikácie
655 7 _aamerické romány
_2SNKPH
_92
655 7 _ahistorické romány
_2SNKPH
_91688
655 7 _avojnové romány
_2SNKPH
_93067
655 7 _aAmerican fiction
_2SNKPHeng
_93
655 7 _aHistorical novels
_2SNKPHeng
_91689
655 7 _aWar novels
_2SNKPHeng
_93068
700 1 _aFedorová, Martina
_4trl
_92398
958 _aLX
958 _aUP